Der Fall Schlachter

Αποθηκεύτηκε σε:
Λεπτομέρειες βιβλιογραφικής εγγραφής
Συγγραφή απο Οργανισμό/Αρχή: Felix & Theo
Μορφή: Βιβλίο
Γλώσσα:German
Δημοσίευση: Berlin : New York : Langenscheidt, c1991
Σειρά:Leichte Lektueren
Θέματα:
Ετικέτες: Προσθήκη ετικέτας
Δεν υπάρχουν, Καταχωρήστε ετικέτα πρώτοι!

MARC

LEADER 00000nam a2200000 i 4500
001 1/11945
008 000918s1991 ger d
020 |a 3468496842 
035 |l 10064024 
040 |a GR-MY-UA  |b gre  |e aacr 
041 0 |a ger 
082 0 |a 438 
110 0 |a Felix & Theo. 
245 1 4 |a Der Fall Schlachter /  |c Felix & Theo 
260 |a Berlin :   |a New York :   |b Langenscheidt,   |c c1991 
300 |a 56 p.;  |b ill.;  |c 18 cm 
490 1 |a Leichte Lekturen 
650 0 0 |a German language  |x Study and teaching. 
650 0 0 |a German language  |x Usage. 
830 0 |a Leichte Lektueren 
852 |a INST  |b RHODES  |e 20000918  |h 438 FEL  |p 005400009872  |q 005400009872  |t BK  |y 0 
909 |a Ρ  |b 024836 
922 |a 4ΕΛΗ  |b 199212  |c ΜΠΕΡΖΑΜΑΝΗ 
970 |z 2000/09/ΣΟΦΙΑ